[Event "Arequipa GP Peru Sur"]
[Site "Arequipa"]
[Date "2013.06.28"]
[Round "3"]
[White "Vera Siguenas, Deivy Anthoni"]
[Black "Ramos, Arnold"]
[Result "1-0"]
[WhiteElo "2431"]
[BlackElo "1722"]
[PlyCount "123"]
[EventDate "2013.06.27"]
[EventType "swiss"]
[EventRounds "8"]
[EventCountry "PER"]
[SourceTitle "EXT 2018"]
[Source "ChessBase"]
[SourceDate "2017.10.13"]
[SourceVersion "1"]
[SourceVersionDate "2017.10.13"]
[SourceQuality "1"]

1. e4 e6 2. d4 d5 3. Nd2 c5 4. exd5 exd5 5. Ngf3 Nc6 6. Bb5 Bd6 7. dxc5 Bxc5 8. 0-0 Nge7 9. Nb3 Bd6 10. Nfd4 0-0 11. Be3 a6 12. Be2 Qc7 13. h3 Ng6 14. Nxc6 bxc6 15. c4 Bf4 16. Bxf4 Nxf4 17. cxd5 cxd5 18. Bg4 Bxg4 19. Qxg4 Qc4 20. Rfd1 f5 21. Qf3 Qe4 22. Nd2 Qxf3 23. Nxf3 Rfd8 24. Rd2 Rd6 25. Nd4 g6 26. Rc1 Re8 27. b4 Re4 28. Kf1 Ne6 29. Nc6 Nd8 30. Nd4 Ne6 31. Nxe6 Rdxe6 32. a3 Rd6 33. Rcd1 d4 34. Rd3 f4 35. a4 f3 36. gxf3 Rf4 37. Kg2 Kf7 38. Rc1 g5 39. Rc5 h6 40. Kf1 Ke6 41. Rc1 Kd5 42. Rb3 Ke6 43. b5 axb5 44. axb5 d3 45. b6 d2 46. Rd1 Rf8 47. b7 Rb8 48. Ke2 Rd7 49. Rb6+ Kf5 50. Rxd2 Rbxb7 51. Rxh6 Re7+ 52. Kf1 Rb1+ 53. Kg2 Rb5 54. Rd8 Rf7 55. h4 Rg7 56. Rf8+ Ke5 57. h5 Rb4 58. Rg6 Rbb7 59. Rxg7 Rxg7 60. Kg3 Ke6 61. Kg4 Ke7 62. Ra8 1-0